Normal view
MARC view
Entry Personal Name
001 - CONTROL NUMBER
- control field: 58854
003 - CONTROL NUMBER IDENTIFIER
- control field: dpl
005 - DATE AND TIME OF LATEST TRANSACTION
- control field: 20231117161133.0
008 - FIXED-LENGTH DATA ELEMENTS
- fixed length control field: 231117|| aca||aabn | a|a d
040 ## - CATALOGING SOURCE
- Original cataloging agency: dpl
- Transcribing agency: dpl
100 ## - HEADING--PERSONAL NAME
- Personal name: शर्मा, पं. विशम्भरनाथ
670 ## - SOURCE DATA FOUND
- Source citation: Work cat.: (dpl)199152: शर्मा, पं. विशम्भरनाथ, पंडित जी की श्रेष्ठ कहानियाँ:, 2022
